Normal view
MARC view
- J. & C. Walker
Entry Corporate Name
001 - CONTROL NUMBER
- control field: 6108
003 - CONTROL NUMBER IDENTIFIER
- control field: OSt
005 - DATE AND TIME OF LATEST TRANSACTION
- control field: 20190806150249.0
008 - FIXED-LENGTH DATA ELEMENTS
- fixed length control field: 120911n| acannaabn |n ana d
040 ## - CATALOGING SOURCE
- Original cataloging agency: OSt
- Transcribing agency: OSt
110 2# - HEADING--CORPORATE NAME
- Corporate name or jurisdiction name as entry element: J. & C. Walker
670 ## - SOURCE DATA FOUND
- Source citation: England & Wales, 1838